Conférence League équipe ayant atteint une phase à élimination directe - Statistiques

Statistiques générales
  • Ce quiz a été pris 66 fois
  • Le résultat moyen est 11 sur 42
Statistiques - réponses
Nationalité Équipe % Correct
France Marseille
72%
France Nice
67%
Angleterre West Ham
67%
France Rennes
64%
Pays bas Psv
59%
Italie Fiorentina
55%
Italie Rome
53%
Pays bas Feyenoord
45%
Italie Lazio
43%
Suisse Bâle
38%
Danemark Copenhague
38%
Portugal Braga
34%
Espagne Villarreal
34%
Belgique Anderlecht
31%
Turquie Fenerbahce
31%
Ecosse Celtic
28%
Azerbaïdjan Qarabag
24%
Moldavie Sheriff
24%
Belgique La gantoise
22%
République tchèque Slavia Prague
22%
République tchèque Sparta Prague
22%
Chypre AEK
21%
Pays bas Az Alkmaar
21%
Israël Maccabi Tel aviv
19%
Grèce Paok
19%
Pologne Lech Poznan
17%
Norvège Bodo Glimt
16%
Pays bas Vitesse
16%
Roumanie Cluj
14%
Serbie Partizan Belgrade
14%
Turquie Trabzonspor
14%
Turquie Basaksehir
12%
Bulgarie Ludogorets
12%
Autriche Rapid vienne
12%
Slovaquie Slovan Bratislava
10%
Ukraine Dnipro
9%
Autriche Lask
9%
Angleterre Leicester City
7%
Danemark Randers
3%
Turquie Sivasspor
3%
Suéde Djurgarden
2%
Danemark Midtyjlland
2%
Aucun quiz correspondant
Distribution des résultats
% des personnes avec chaque résultat
Percentile par nombre de réponses
Votre historique - résultats
Vous n’avez pas pris ce quiz